| 000 | 01346nam a22001937a 4500 | ||
|---|---|---|---|
| 005 | 20240306135650.0 | ||
| 010 | _aB-757471-473 | ||
| 020 |
_c595.000 _a9789392708206 |
||
| 035 | _aB-757471-473 | ||
| 037 | _bगैलेक्सी पब्लिशर्स | ||
| 082 | _a921 | ||
| 100 |
_aबघेल, वी. एस. _962869 |
||
| 245 |
_aनोबेल शांति पुरस्कार से सम्मानित कैलाश सत्यार्थी ; _bबचपन बचाओ आन्दोलन के प्रणेता / _cवी.एस. बघेल |
||
| 260 |
_aदिल्ली _bगैलेक्सी पब्लिशर्स _c2023 |
||
| 270 |
_aआत्माराम बिल्डिंग,1376, ग्राउंड फ्लोर , कश्मीरी गेट _bदिल्ली _e110006 |
||
| 300 |
_a208 पृ.. _c22सेमी (सजिल्द) |
||
| 942 |
_2ddc _cHN _h921 _mबघेल |
||
| 999 |
_c200468 _d200468 |
||